Farmers 'should not restock some uplands' (Record no. 66956)

MARC details
000 -LEADER
fixed length control field 01004cam a2200217 4500
001 - CONTROL NUMBER
control field WB3718-29
008 - FIXED-LENGTH DATA ELEMENTS--GENERAL INFORMATION
fixed length control field 000000n2001 000 0 eng u
035 ## - SYSTEM CONTROL NUMBER
System control number (Sirsi) u112490
245 ## - TITLE STATEMENT
Title Farmers 'should not restock some uplands'
260 ## - PUBLICATION, DISTRIBUTION, ETC.
Date of publication, distribution, etc. 2001
490 ## - SERIES STATEMENT
Series statement Daily Telegraph
Volume/sequential designation 9 May 2001, 10(1)
520 ## - SUMMARY, ETC.
Summary, etc. English Nature urges that some parts of the English uplands should not be restocked with sheep after the foot and mouth crisis but should be allowed to revert back to a natural state. It published a report, postponed because of the foot and mouth crisis, showing that up to 64% of upland commons were in poor condition due to overgrazing. Download the report "State of nature - the upland challenge" at the English Nature website at: www.english-nature.org.uk
590 ## - LOCAL NOTE (RLIN)
Local note WB
650 ## - SUBJECT ADDED ENTRY--TOPICAL TERM
Topical term or geographic name entry element ENGLISH NATURE
650 ## - SUBJECT ADDED ENTRY--TOPICAL TERM
Topical term or geographic name entry element OVERGRAZING
650 ## - SUBJECT ADDED ENTRY--TOPICAL TERM
Topical term or geographic name entry element FOOT-AND-MOUTH DISEASE
650 ## - SUBJECT ADDED ENTRY--TOPICAL TERM
Topical term or geographic name entry element UPLANDS
650 ## - SUBJECT ADDED ENTRY--TOPICAL TERM
Topical term or geographic name entry element FARMING INDUSTRY
690 ## - LOCAL SUBJECT ADDED ENTRY--TOPICAL TERM (OCLC, RLIN)
Topical term or geographic name as entry element RURAL-NATURE CONSERVATION
942 ## - ADDED ENTRY ELEMENTS (KOHA)
Suppress in OPAC 0
Holdings
Withdrawn status Lost status Source of classification or shelving scheme Damaged status Not for loan Home library Current library Shelving location Date acquired Total Checkouts Full call number Barcode Date last seen Copy number Price effective from Koha item type
    Dewey Decimal Classification     London London News article 09/05/2001   WB3718-29 112490-1001 06/08/2019 1 06/08/2019 News article